000 00833cab a2200277 4500
001 ABS47349
008 090401t1992 xxu||||| |||| 00| 0 eng d
035 _a(Sirsi) u61702
041 _aeng
100 _aDawes, A.
245 _aValuing the coastal environment
260 _c1992
350 _a0
490 _aCS Monthly : Planning and Development bulletin
_v2(2) October 1992, 6(1)
520 _aExamines why we need to value the environment and recommends cost benefit analysis as the method to use.
650 _aCONTINGENT VALUATION METHOD
650 _aCOST BENEFIT ANALYSIS
650 _aHEDONIC PRICING
650 _aHUMAN CAPITAL
650 _aPREVENTATIVE COSTS
650 _aTRAVEL COST METHODS
650 _aVALUATION METHODS
690 _aRATING AND VALUATION
942 _n0
948 _c04/03/1997
999 _c38269
_d38269